Culture générale - Quiz #41 - Statistiques

Statistiques générales
  • Ce quiz a été pris 60 516 fois
  • Le résultat moyen est 11 sur 20
Statistiques - réponses
Question Réponse % Correct
Qu'est-ce qui fut testé pour la première fois le 16 juillet 1945, dans le désert du Nouveau-Mexique ? Bombe atomique
86%
Quel adjectif désigne un triangle possédant exactement deux côtés égaux ? Isocèle
84%
Quel terme désigne une personne possédant la même habileté avec la main droite qu'avec la main gauche? Ambidextre
81%
Dans quel pays se trouvent les villes de Tanger et Agadir ? Maroc
80%
Quelle est la chambre haute du Parlement français ? Le Sénat
73%
Quelle organisation politique contrôle la bande de Gaza depuis 2007 ? Le Hamas
72%
Qui est le créateur de la saga Star Wars ? George Lucas
65%
Dans quel type de spectacle musical, emblématique des cabarets parisiens, les danseuses lancent elles leurs jambes en l'air en soulevant leurs jupons ? (French) Cancan
64%
Quel animal mythologique apparaît dans le titre d'un des tomes de Harry Potter ? Phénix
64%
Quel personnage vola trop près du Soleil et chuta lorsque ces ailes fondirent ? Icare
63%
Quel acteur est célèbre pour ses rôles dans les films "Drive", "La La Land" et "Barbie" ? Ryan Gosling
63%
Quel élément du tableau périodique possède pour symbole K ? Potassium
61%
Que sont les séraphins et les chérubins ? Des anges
51%
Quelle maladie a causé la mort de 2,3 millions de personnes en 2005, et a vu son nombre de victimes réduire chaque année par la suite ? SIDA
45%
Quel est le plus grand pays à n'avoir aucun volcan actif ? Brésil
43%
Quel mot de 3 lettres est un synonyme ancien de "belle-fille" ? Bru
36%
Qui était le précepteur d'Alexandre le Grand ? Aristote
23%
De quel film est issue la réplique "Hasta la vista, baby." ? Terminator 2 : Le Jugement dernier
23%
Quel pays a été appelé "le cimetière des empires" car de nombreux puissants pays l'ont envahi sans succès ? Afghanistan
15%
Qui est né pour la 14ème fois en 1935, selon certaines croyances ? Le Dalaï Lama
13%
Aucun quiz correspondant
Distribution des résultats
% des personnes avec chaque résultat
Percentile par nombre de réponses
Votre historique - résultats
Vous n’avez pas pris ce quiz